| 000 | 00976nam a2200289 i 4500 | ||
|---|---|---|---|
| 001 | 000022542 | ||
| 003 | DO-SdBNP | ||
| 005 | 20260428095312.0 | ||
| 007 | ta | ||
| 008 | 101013s2002 dr 000 0 spa d | ||
| 040 |
_aDO-SdBNP _bspa _cBNPHU _erda |
||
| 041 | _aspa | ||
| 082 | 4 |
_a248.5 _bL691j _222 |
|
| 100 |
_aLuna Huggins de Díaz, Rosa Ana de, _eautor _4aut. _981773 |
||
| 245 | 1 | 0 |
_aJunto a mis amigos / _cRosa Ana Luna Huggins ; prólogo, Maritza Bautista de Peña. |
| 264 | 4 |
_aSanto Domingo : _bTriunfo Publicaciones, _c©2002. |
|
| 300 |
_a108 páginas : _b23 cm. |
||
| 336 |
_atexto _btxt _2rdacontent |
||
| 337 |
_asin mediación _bn _2rdamedia |
||
| 338 |
_avolumen _bnc _2rdacarrier |
||
| 500 | _aIncluye datos biográfico del autor en la contracubierta | ||
| 504 | _aBibliografías: páginas 109 | ||
| 590 | _aInventariado, 2026/BT | ||
| 650 | 4 |
_aEspiritualidad _9613 |
|
| 700 | 1 |
_aBautista de Peña, Maritza, _eprologuista _4pr. _946399 |
|
| 942 |
_2ddc _cLBS1 |
||
| 999 |
_c22039 _d22039 |
||